000
00328nam a22001457a 4500
008
190129b xxu||||| |||| 00| 0 eng d
020
_a
9780781763226
041
_a
eng
080
_a
616.31
082
_2
10 th
_a
616.31
100
_a
5
101
_a
STO
245
_a
Dental Hygienist
_c
Wilkins M.Esther
942
_2
udc
_c
BK
999
_c
53851
_d
53851